000 01434nam a2200289Ia 4500
999 _c37616
_d37616
001 3588
003 GE_BSU
005 20190627152123.0
008 181216s2007||||ge |||||||||||||| ||geo||
040 _cGE_BSU
041 _ageo
080 _a336.7 ქ–31
245 _aქაღალდის ფული საქართველოში /
_cსაქ. ეროვნ. ბანკი ; პროექტის ავტ. რომან გოცირიძე ; სარედ. ჯგ.: გიორგი კალანდაძე და სხვ.
264 _aთბილისი,
_c2007.
300 _a38 გვ. :
_bილ. ;
_c15 სმ.
504 _aბიბლიოგრ.: გვ. 38
653 _aქაღალდის ფული საქართველოში
653 _aეკონომიკა
700 _aგოცირიძე, რ.
_eპროექტის ავტორი
_92990
700 _aკალანდაძე, გ.
_eრედაქტორი
_92991
700 _aერისთავი, ა.
_eთბილისი
_92992
700 _aდოლენჯაშვილი, მ.
_eთბილისი
_92993
700 _aწიკლაური, ნ.
_eთბილისი
_92994
700 _aბანცური, მ.
_eთბილისი
_92995
710 _aსაქ. ეროვნ. ბანკი
_92996
942 _cBK
_2udc